|
|
|
|
| LEADER |
00000cam a2200000 7i4500 |
| 001 |
0000013486 |
| 005 |
20080115.0 |
| 008 |
080115 |
| 020 |
|
|
|a 9793018593
|
| 090 |
0 |
0 |
|a 297.5
|b KAY
|
| 100 |
0 |
|
|a Al-Kaysi, Marwan Ibrahim
|
| 245 |
1 |
0 |
|a Bengkel Akhlak
|c Marwan IbrahimAl-Kaysi;Penterjemah Esti Mardiani;Penyunting Burhan Wirasubrata
|
| 260 |
|
|
|a Kuala Lumpur :
|b Darulfikir ,
|c 2004
|
| 650 |
|
0 |
|a Islam
|z Ethics
|
| 700 |
0 |
|
|a Burhan Wirasubrata
|
| 700 |
0 |
|
|a Esti Mardiani
|
| 999 |
|
|
|a 0001005162
|b Book
|c Adult Collection
|e Perbadanan Perpustakaan Awam Johor
|
| 999 |
|
|
|a 0001005163
|b Book
|c Adult Collection
|e Perbadanan Perpustakaan Awam Johor
|
| 999 |
|
|
|a 0001005164
|b Book
|c Adult Collection
|e Perbadanan Perpustakaan Awam Johor
|